La manipulación del miedo y el espejo populista /
Guardado en:
| 主要作者: | |
|---|---|
| 其他作者: | |
| 格式: | Texto |
| 標簽: |
添加標簽
沒有標簽, 成為第一個標記此記錄!
|
MARC
| LEADER | 00000 a a2200000 04500 | ||
|---|---|---|---|
| 001 | 46492 | ||
| 003 | |||
| 040 | |||
| 100 | |a Moreno Velador, Octavio Humberto | ||
| 245 | |a La manipulación del miedo y el espejo populista / |c Octavio Humberto Moreno Velador, Carlos Alberto Figueroa Ibarra | ||
| 590 | |a DISEMINAR062014 | ||
| 700 | |a Figueroa Ibarra, Carlos Alberto | ||
| 773 | |g volumen17, número46 ( , 2013), páginas 33-47 | ||
| 999 | |c 35470 |d 35470 | ||
